000 00462pab a2200181 454500
008 180718b2012 xxu||||| |||| 00| 0 eng d
100 _aMukhopadhyay, Partha
245 _aSubaltern urbanization in India
_bDenis, Eric
260 _c2012
300 _ap.52-62.
362 _a28 Jul
650 _aUrbanization - India
650 _aUrbanization
700 _aZerah, Marie-Helene
773 _aEconomic and Political Weekly
908 _aN
909 _a97490
999 _c97490
_d97490